[Event "UK Armed Forces-ch"]
[Site "Wittering"]
[Date "2023.04.15"]
[Round "3"]
[White "Kelly, Richard"]
[Black "Onley, David E"]
[Result "0-1"]
[WhiteElo "1845"]
[BlackElo "2174"]
[PlyCount "120"]
[EventDate "2023.04.14"]
[EventType "swiss"]
[EventRounds "7"]
[EventCountry "ENG"]
[SourceTitle "EXT 2024"]
[Source "ChessBase"]
[SourceDate "2023.10.10"]
[SourceVersion "1"]
[SourceVersionDate "2023.10.10"]
[SourceQuality "1"]

1. d4 f5 2. Nc3 Nf6 3. Bg5 c6 4. Bxf6 exf6 5. e4 fxe4 6. Nxe4 d5 7. Ng3 Bd6 8. Bd3 Qe7+ 9. Qe2 Qxe2+ 10. N1xe2 0-0 11. 0-0-0 f5 12. f4 Be6 13. Nf1 Nd7 14. Nd2 Nf6 15. h3 Ne4 16. Rhf1 Rfe8 17. Nf3 Ng3 18. Rfe1 Nxe2+ 19. Rxe2 Bxf4+ 20. Kb1 Bg3 21. Re3 Bf7 22. Rxe8+ Bxe8 23. Rd2 Bh5 24. Re2 Bxf3 25. gxf3 g6 26. Kc1 Kf7 27. Kd1 Kf6 28. Rg2 Bh4 29. f4 Ke6 30. Ke2 Kd6 31. Kf3 Re8 32. Re2 Rxe2 33. Bxe2 b6 34. Ke3 c5 35. c3 c4 36. Bd1 b5 37. a4 a6 38. axb5 axb5 39. Bc2 Kc6 40. Bd1 h6 41. Bc2 Kd6 42. Bb1 Ke6 43. Bc2 g5 44. fxg5 hxg5 45. Kf3 Be1 46. Ke2 Bg3 47. Kf3 Bf4 48. Ke2 g4 49. hxg4 fxg4 50. Bg6 Bc1 51. Bh5 g3 52. Bg4+ Kd6 53. Bf3 Bxb2 54. Kd2 b4 55. cxb4 Bxd4 56. Bg2 Be5 57. Bf3 d4 58. Be4 Bf4+ 59. Kd1 Ke5 60. Bg2 d3 0-1

[Event "BCF-chT4 2223 (4NCL)"]
[Site "England"]
[Date "2022.11.05"]
[Round "1.101"]
[White "Hurney, Kevin"]
[Black "Onley, David E"]
[Result "1/2-1/2"]
[WhiteElo "2028"]
[BlackElo "2160"]
[PlyCount "58"]
[EventDate "2022.11.05"]
[EventType "team-swiss"]
[EventRounds "11"]
[EventCountry "ENG"]
[SourceTitle "EXT 2024"]
[Source "ChessBase"]
[SourceDate "2023.10.10"]
[SourceVersion "1"]
[SourceVersionDate "2023.10.10"]
[SourceQuality "1"]
[WhiteTeam "MASCeteers"]
[BlackTeam "War and Piece"]
[WhiteTeamCountry "ENG"]
[BlackTeamCountry "ENG"]

1. e4 c5 2. Nf3 e6 3. d4 cxd4 4. Nxd4 Nc6 5. Be3 Nf6 6. Bd3 d5 7. exd5 Nxd5 8. Nxc6 bxc6 9. 0-0 Be7 10. Qe2 0-0 11. Rd1 Qc7 12. c4 Nb4 13. Nc3 e5 14. Bb1 a5 15. a3 Na6 16. Na4 Rb8 17. c5 f5 18. f4 e4 19. Ba2+ Kh8 20. Bc4 Qb7 21. Qd2 Nc7 22. Nb6 Be6 23. Bxe6 Nxe6 24. Qxa5 Nxc5 25. Bxc5 Bxc5+ 26. Qxc5 Qxb6 27. Qxb6 Rxb6 28. b4 Kg8 29. Rd4 Rfb8 1/2-1/2

[Event "NATO-ch 32nd"]
[Site "Tartu"]
[Date "2022.07.01"]
[Round "7"]
[White "Cheung, Jan W"]
[Black "Onley, David E"]
[Result "0-1"]
[WhiteElo "1964"]
[BlackElo "2083"]
[PlyCount "164"]
[EventDate "2022.06.27"]
[EventType "swiss"]
[EventRounds "7"]
[EventCountry "EST"]
[SourceTitle "CBM 209 Extra"]
[Source "ChessBase"]
[SourceDate "2022.09.30"]
[SourceVersion "1"]
[SourceVersionDate "2022.09.30"]
[SourceQuality "1"]

1. d4 Nf6 2. c4 g6 3. Nc3 Bg7 4. e4 d6 5. Nf3 0-0 6. Be2 e5 7. d5 a5 8. Bg5 h6 9. Be3 Na6 10. Nd2 Nc5 11. g4 Ne8 12. h4 f5 13. gxf5 gxf5 14. f3 f4 15. Bf2 Nf6 16. Qc2 Nh5 17. 0-0-0 Bd7 18. Rdg1 Kh7 19. Kb1 Bf6 20. Nb3 Nxb3 21. Qxb3 b6 22. Qd1 Qe7 23. Qe1 Rae8 24. Nb5 Qd8 25. b3 Rg8 26. a3 Rxg1 27. Rxg1 Rg8 28. Rxg8 Kxg8 29. Bf1 Kh7 30. Kb2 Ng3 31. Bxg3 fxg3 32. Qxg3 Bxh4 33. Qh2 Bg5 34. Bh3 Bf4 35. Qg2 Bg5 36. Kc2 Qc8 37. Bg4 Kg6 38. Kd3 h5 39. Bxd7 Qxd7 40. b4 axb4 41. axb4 h4 42. Nc3 h3 43. Qg1 Kf6 44. Ne2 Qa4 45. Qg3 Qa2 46. f4 exf4 47. Qxh3 Qb1+ 48. Kc3 Qxe4 49. Qh8+ Kf7 50. Qh5+ Qg6 51. Qxg6+ Kxg6 52. Ng1 Kf5 53. Kd3 Bh4 54. Nf3 Bf2 55. Ke2 Be3 56. Kd3 Kg4 57. Ke4 Kg3 58. Ng5 Kf2 59. b5 Ke2 60. Nf3 Kf1 61. Kd3 Kg2 62. Ke4 Kg3 63. Ng5 Bc5 64. Nf3 Kg4 65. Nh2+ Kg3 66. Nf3 Be3 67. Ng5 Kf2 68. Nf3 Ke2 69. Ng5 Kd2 70. Ne6 Kc3 71. c5 bxc5 72. Nxc7 c4 73. b6 Bxb6 74. Nb5+ Kb4 75. Nxd6 Bc7 76. Nf5 c3 77. Kd3 Kb3 78. Nd4+ Kb2 79. Nc2 f3 80. Ne3 Kb3 81. Ke4 f2 82. Kf3 c2 0-1

[Event "NATO-ch 32nd"]
[Site "Tartu"]
[Date "2022.06.29"]
[Round "4"]
[White "Onley, David E"]
[Black "Sycz, Dariusz"]
[Result "0-1"]
[WhiteElo "2083"]
[BlackElo "2189"]
[PlyCount "78"]
[EventDate "2022.06.27"]
[EventType "swiss"]
[EventRounds "7"]
[EventCountry "EST"]
[SourceTitle "CBM 209 Extra"]
[Source "ChessBase"]
[SourceDate "2022.09.30"]
[SourceVersion "1"]
[SourceVersionDate "2022.09.30"]
[SourceQuality "1"]

1. e4 d6 2. d4 Nf6 3. Nc3 Nbd7 4. Be3 e5 5. f3 Be7 6. Qd2 c6 7. 0-0-0 a6 8. g4 b5 9. Nce2 Qc7 10. Ng3 Nb6 11. g5 Ng8 12. Kb1 h6 13. gxh6 Nxh6 14. Qf2 c5 15. dxc5 dxc5 16. N1e2 b4 17. Nc1 Be6 18. Rg1 g6 19. h4 Na4 20. h5 g5 21. Nf5 Nxf5 22. exf5 Bxf5 23. Bxg5 f6 24. Bh4 c4 25. Rg7 Qc6 26. Qe3 Bc5 27. Qe2 Bf8 28. Rg1 Rc8 29. Ka1 Rxh5 30. Bg3 Rh6 31. Re1 Bd6 32. f4 e4 33. Bg2 Kf7 34. Bxe4 Bxe4 35. Qxe4 Qxe4 36. Rxe4 a5 37. Ne2 f5 38. Rd4 Re8 39. Rxd6 Rxd6 0-1

[Event "NATO-ch 32nd"]
[Site "Tartu"]
[Date "2022.06.27"]
[Round "1"]
[White "Muld, Tarmo"]
[Black "Onley, David E"]
[Result "0-1"]
[WhiteElo "1783"]
[BlackElo "2083"]
[PlyCount "104"]
[EventDate "2022.06.27"]
[EventType "swiss"]
[EventRounds "7"]
[EventCountry "EST"]
[SourceTitle "EXT 2023"]
[Source "ChessBase"]
[SourceDate "2022.10.05"]
[SourceVersion "1"]
[SourceVersionDate "2022.10.05"]
[SourceQuality "1"]

1. d4 Nf6 2. c4 g6 3. Nf3 Bg7 4. Nc3 d6 5. g3 0-0 6. Bg2 Nbd7 7. 0-0 e5 8. Bg5 h6 9. Bxf6 Qxf6 10. Nd5 Qd8 11. e3 Re8 12. Rb1 a5 13. a4 Nb8 14. dxe5 dxe5 15. Qc2 c6 16. Nc3 Na6 17. Rbd1 Qe7 18. Ne4 Nb4 19. Qb1 Be6 20. b3 Rad8 21. Rxd8 Rxd8 22. Rd1 Bc8 23. h3 f5 24. Rxd8+ Qxd8 25. Nc3 e4 26. Nd4 Bxd4 27. exd4 Qxd4 28. Ne2 Qe5 29. Nf4 g5 30. Nh5 Nd3 31. Qd1 Be6 32. Qe2 Bf7 33. g4 Bxh5 34. gxh5 Qa1+ 35. Kh2 Qe1 36. Qxe1 Nxe1 37. Bf1 Nf3+ 38. Kg3 f4+ 39. Kg4 Nh2+ 40. Kf5 Nxf1 41. Kxe4 Nd2+ 42. Ke5 Nxb3 43. Kd6 Nd2 44. Kc5 Ne4+ 45. Kb6 Nxf2 46. Kxb7 Nd3 47. Kxc6 f3 48. Kb6 f2 49. c5 f1Q 50. c6 Qb1+ 51. Kxa5 Ne5 52. c7 Nc4+ 0-1

[Event "NATO-ch 29th"]
[Site "Lubbock"]
[Date "2018.06.05"]
[Round "3"]
[White "Onley, David E"]
[Black "Middaugh, Jon S"]
[Result "1-0"]
[WhiteElo "2113"]
[BlackElo "1918"]
[PlyCount "93"]
[EventDate "2018.06.04"]
[EventType "swiss"]
[EventRounds "7"]
[EventCountry "USA"]
[SourceTitle "EXT 2019"]
[Source "ChessBase"]
[SourceDate "2018.10.10"]
[SourceVersion "1"]
[SourceVersionDate "2018.10.10"]
[SourceQuality "1"]

1. e4 e6 2. d4 d5 3. Nd2 dxe4 4. Nxe4 Bd7 5. Nf3 Bc6 6. Bd3 Nd7 7. 0-0 Ngf6 8. Ng3 Be7 9. c4 Bxf3 10. Qxf3 c6 11. b3 0-0 12. Bb2 Re8 13. Rad1 Nf8 14. h4 a5 15. a4 Qc7 16. h5 h6 17. Rfe1 Rad8 18. Ne4 Rd7 19. Nc5 Rdd8 20. Bc2 Kh8 21. Nd3 Kg8 22. Ne5 Bd6 23. Rd3 N8h7 24. Red1 Nf8 25. Qe2 N8d7 26. Bb1 Nf8 27. Bc3 N8d7 28. Re1 Nf8 29. Rg3 Bb4 30. Bxb4 axb4 31. Ng4 Qf4 32. Qe5 Qxe5 33. Nxh6+ Kh8 34. Nxf7+ Kg8 35. Nh6+ Kh8 36. Nf7+ Kg8 37. dxe5 Kxf7 38. exf6 Kxf6 39. Rf3+ Kg5 40. Rg3+ Kh6 41. Bg6 Re7 42. Re4 Rd1+ 43. Kh2 Nd7 44. Bf5 e5 45. Rg6+ Kxh5 46. Re3 Rd4 47. Rh3+ 1-0

[Event "NATO-ch 28th"]
[Site "Budapest"]
[Date "2017.03.29"]
[Round "4"]
[White "Onley, David E"]
[Black "Hernandez, Albert Ryan"]
[Result "1-0"]
[WhiteElo "2137"]
[BlackElo "1934"]
[PlyCount "71"]
[EventDate "2017.03.27"]
[EventType "swiss"]
[EventRounds "7"]
[EventCountry "HUN"]
[SourceTitle "CBM 177 Extra"]
[Source "ChessBase"]
[SourceDate "2017.04.27"]
[SourceVersion "1"]
[SourceVersionDate "2017.04.27"]
[SourceQuality "1"]

1. e4 e6 2. d4 d5 3. Nd2 Nf6 4. e5 Nfd7 5. f4 c5 6. c3 Nc6 7. Ndf3 Qb6 8. g3 cxd4 9. cxd4 Bb4+ 10. Kf2 f6 11. Kg2 0-0 12. Bd3 Na5 13. h4 f5 14. Ng5 Rd8 15. Qh5 Nf8 16. a3 Nb3 17. Rb1 Qxd4 18. Bb5 Qc5 19. Be8 Rd7 20. Qd1 Re7 21. Qxb3 Bxa3 22. Bf7+ Rxf7 23. Nxf7 Bb4 24. Nd6 Bd7 25. Nf3 Bc6 26. Be3 d4 27. Rbc1 Qb6 28. Bf2 Bd5 29. Qd3 Bxd6 30. exd6 Qxd6 31. Rhd1 Rd8 32. Bxd4 Ng6 33. Qe3 b6 34. Kh3 Qb4 35. Rc7 Bxf3 36. Qxe6+ 1-0

[Event "BCF-chT3S 1617 (4NCL) Demotion pool"]
[Site "England"]
[Date "2017.03.19"]
[Round "8.53"]
[White "Peters, Alexander John"]
[Black "Onley, David E"]
[Result "0-1"]
[WhiteElo "1982"]
[BlackElo "2155"]
[PlyCount "88"]
[EventDate "2016.11.26"]
[EventType "team-tourn"]
[EventRounds "11"]
[EventCountry "ENG"]
[SourceTitle "EXT 2019"]
[Source "ChessBase"]
[SourceDate "2018.10.10"]
[SourceVersion "1"]
[SourceVersionDate "2018.10.10"]
[SourceQuality "1"]
[WhiteTeam "Iceni"]
[BlackTeam "Brown Jack"]
[WhiteTeamCountry "ENG"]
[BlackTeamCountry "ENG"]

1. d4 Nf6 2. c4 g6 3. Nc3 Bg7 4. e4 d6 5. Be2 0-0 6. Be3 e5 7. d5 c6 8. g4 cxd5 9. cxd5 a5 10. g5 Nfd7 11. h4 Na6 12. Nf3 Ndc5 13. Nd2 Rb8 14. Nb3 Bd7 15. Nxc5 Nxc5 16. Bxc5 dxc5 17. a4 f5 18. f3 Qb6 19. Ra3 fxe4 20. Rb3 Qa7 21. Nxe4 Bxa4 22. d6 Kh8 23. h5 gxh5 24. Rxh5 c4 25. Bxc4 b5 26. Bf1 Qf7 27. g6 Qxb3 28. Rxh7+ Kg8 29. Qxb3+ Bxb3 30. Nc5 Bd5 31. Bh3 Rfd8 32. d7 Rb6 33. Bf5 Kf8 34. Ke2 Bg8 35. Rh1 Ke7 36. Rd1 Be6 37. Nxe6 Rxe6 38. Bxe6 Kxe6 39. Rc1 Rxd7 40. Rc5 Rb7 41. Ke3 Kd6 42. Rc8 Kd5 43. b3 Ra7 44. Rd8+ Ke6 0-1

[Event "NATO-ch 27th"]
[Site "Shrivenham"]
[Date "2016.08.22"]
[Round "1"]
[White "Noviks, Maris"]
[Black "Onley, David E"]
[Result "0-1"]
[WhiteElo "1843"]
[BlackElo "2133"]
[PlyCount "44"]
[EventDate "2016.08.22"]
[EventType "swiss"]
[EventRounds "7"]
[EventCountry "ENG"]
[SourceTitle "EXT 2018"]
[Source "ChessBase"]
[SourceDate "2017.10.13"]
[SourceVersion "1"]
[SourceVersionDate "2017.10.13"]
[SourceQuality "1"]

1. e4 c5 2. f4 Nc6 3. Nf3 g6 4. Bc4 Bg7 5. Nc3 e6 6. d3 Nge7 7. 0-0 d5 8. Bb3 0-0 9. Bd2 Rb8 10. Rb1 b5 11. a3 c4 12. Ba2 b4 13. Ne2 Qb6+ 14. Kh1 b3 15. Bxb3 cxb3 16. c3 Ba6 17. d4 dxe4 18. Ng5 Bd3 19. Rc1 Na5 20. Ra1 Nc4 21. Bc1 Nf5 22. Re1 Bc2 0-1

[Event "BCF-ch Week1 AM op"]
[Site "Coventry"]
[Date "2015.07.29"]
[Round "3"]
[White "Onley, David E"]
[Black "Crocker, Philip J"]
[Result "1/2-1/2"]
[WhiteElo "2120"]
[BlackElo "2216"]
[PlyCount "64"]
[EventDate "2015.07.27"]
[EventType "swiss"]
[EventRounds "5"]
[EventCountry "ENG"]
[SourceTitle "EXT 2016"]
[Source "ChessBase"]
[SourceDate "2015.10.08"]
[SourceVersion "1"]
[SourceVersionDate "2015.10.08"]
[SourceQuality "1"]

1. e4 Nf6 2. Nc3 d5 3. exd5 Nxd5 4. Bc4 Nb6 5. Bb3 Nc6 6. Nf3 Bf5 7. 0-0 e6 8. h3 Be7 9. a4 a5 10. d3 0-0 11. Re1 Nd5 12. Ne4 h6 13. Ng3 Bg6 14. d4 Bf6 15. c3 Qd7 16. Ne5 Nxe5 17. dxe5 Be7 18. Qg4 Kh7 19. h4 f5 20. exf6 Rxf6 21. Nh5 Bxh5 22. Qxh5 Bc5 23. Be3 Bxe3 24. fxe3 c6 25. Qe5 Kh8 26. Rad1 Qf7 27. Rf1 Rf8 28. Rxf6 gxf6 29. Qd6 Rg8 30. Bxd5 exd5 31. Rf1 Kg7 32. Rf3 Re8 1/2-1/2

[Event "BCF-ch Week1 AM op"]
[Site "Coventry"]
[Date "2015.07.27"]
[Round "1"]
[White "Onley, David E"]
[Black "Lawrence, Roy"]
[Result "1-0"]
[WhiteElo "2120"]
[BlackElo "1870"]
[PlyCount "63"]
[EventDate "2015.07.27"]
[EventType "swiss"]
[EventRounds "5"]
[EventCountry "ENG"]
[SourceTitle "EXT 2016"]
[Source "ChessBase"]
[SourceDate "2015.10.08"]
[SourceVersion "1"]
[SourceVersionDate "2015.10.08"]
[SourceQuality "1"]

1. e4 g6 2. d4 Bg7 3. Nc3 d6 4. Bc4 Nf6 5. Qe2 0-0 6. e5 dxe5 7. dxe5 Nfd7 8. e6 Ne5 9. exf7+ Nxf7 10. Bd2 c6 11. Nf3 Kh8 12. 0-0-0 Nd7 13. h4 Nf6 14. Bf4 Nd6 15. Ng5 Nd5 16. Be5 Nxc4 17. Bxg7+ Kxg7 18. Qxc4 e6 19. Rhe1 Qf6 20. Nxd5 exd5 21. Qc5 h6 22. Re7+ Kg8 23. Nf3 b6 24. Qa3 Bg4 25. Rde1 Bxf3 26. gxf3 Qxh4 27. Kb1 c5 28. Qd3 Rf5 29. Qe3 Rf6 30. Qe5 Qg5 31. Qc7 Qd2 32. Rg7+ 1-0

[Event "NATO-ch 26th"]
[Site "Amsterdam"]
[Date "2015.07.07"]
[Round "3.3"]
[White "Onley, David E"]
[Black "Wantiez, Fabrice"]
[Result "1/2-1/2"]
[WhiteElo "2120"]
[BlackElo "2320"]
[PlyCount "104"]
[EventDate "2015.07.06"]
[EventType "swiss"]
[EventRounds "7"]
[EventCountry "NED"]
[SourceTitle "EXT 2016"]
[Source "ChessBase"]
[SourceDate "2015.10.08"]
[SourceVersion "1"]
[SourceVersionDate "2015.10.08"]
[SourceQuality "1"]
[WhiteTeam "Great Britain"]
[BlackTeam "Belgium"]
[WhiteTeamCountry "GBR"]
[BlackTeamCountry "BEL"]

1. e4 e5 2. Nf3 Nc6 3. Bb5 a6 4. Ba4 d6 5. 0-0 Bd7 6. c3 Nge7 7. d3 g6 8. Ne1 Bg7 9. f4 exf4 10. Bxf4 0-0 11. Nf3 h6 12. Bb3 Be6 13. Bxe6 fxe6 14. Bg3 Qd7 15. Nbd2 Ne5 16. Nxe5 dxe5 17. Nc4 Nc6 18. Qg4 Kh7 19. Rad1 Rae8 20. b4 b5 21. Ne3 a5 22. a3 axb4 23. axb4 Rxf1+ 24. Kxf1 Ra8 25. Ke2 Ra3 26. Be1 Nd8 27. Qf3 Qe7 28. Kf1 c5 29. bxc5 Qxc5 30. Ng4 Qd6 31. Kg1 Ra7 32. Bd2 Rf7 33. Qe3 Qf8 34. Qe2 Nc6 35. Rf1 Rxf1+ 36. Qxf1 Qe7 37. Qe2 b4 38. cxb4 Nxb4 39. Bxb4 Qxb4 40. Qf1 Qc5+ 41. Kh1 h5 42. Nf2 Bh6 43. Nh3 Kg7 44. Ng1 Bg5 45. Nf3 Bf6 46. Nd2 Qc2 47. Nc4 g5 48. g3 g4 49. Ne3 Qd2 50. Nc4 Qc2 51. Ne3 Qd2 52. Nc4 Qc2 1/2-1/2